{"text_format":"3","workbook":"xlsx","n_sheets":4,"sheets":["11 класс","10 класс","9 класс","8 класс"],"not_rendered":{"defined_names":4},"read":"whole","date_system":"1900"}

{"sheet":"11 класс","index":0,"n_rows":49,"n_cols":20,"rows_kept":49}
["Список приглашенных на заключительный этап республиканской олиимпиады школьников по геологии  в 2023-2014 учебном году, 11 класс"]
["№","Район","Название ОУ","Фамилия","Имя","Отчество","Пол","Дата рождения","Участник с ОВЗ","Класс","Класс участия","Балл","Добавлено баллов по итогам апелляции","Итоговый балл","Макс. балл","Статус","Призер республиканского / регионального этапа прошлого года","Учитель","Место работы учителя","Предмет"]
[1,"Елабужский район","Муниципальное бюджетное общеобразовательное учреждение «Гимназия №1-Центр национального образования» Елабужского муниципального района Республики Татарстан","Юсупов","Амирхан","Альфирович","м","29.01.2006","нет",11,11,84,0,84,null,"Призер ЗЭ РОШ 2065",null,"Хадиуллина Айгуль Азатовна","МБОУ \"Гимназия №1 - Центр национального образования\" ЕМР РТ","Геология"]
[2,"Кукморский район","Муниципальное бюджетное общеобразовательное учреждение «Средняя общеобразовательная школа села Средний Кумор» Кукморского муниципального района Республики Татарстан","Юртеев","Роман","Андреевич","м","12.07.2006","нет",11,11,82,0,82,null,"Призер ЗЭ РОШ 2064",null,"Ефимова Альбина Рафисорвна","МБОУ \"СОШ с. Средний Кумор\" Кукморского муниципального района Республики Татарстан","Геология"]
[3,"Агрызский район","Муниципальное общеобразовательное учреждение Бимская средняя общеобразовательная школа Агрызского муниципального района Республики Татарстан","Янбаева","Карина","Дмитриевна","ж","03.03.2006","нет",11,11,81,0,81,100,"Призер ЗЭ РОШ 2067",null,"Кудрявцева Наталья Валентиновна","Муниципальное бюджетное общеобразовательное учреждение СОШ №3 г Агрыз Агрызского МР РТ","Геология"]
[4,"Сабинский район","Муниципальное бюджетное общеобразовательное учреждение \"Шеморданский лицей \"Рост\" Сабинского муниципального района Республики Татарстан\"","Алимов","Ильшат","Нагимович","м","13.06.2006","нет",11,11,79,0,79,100,"победитель","Да","Миннеханов Алмаз Ильшатович","Муниципальное бюджетное общеобразовательное учреждение\" Шеморданский лицей \"Рост\"Сабинского муниципальног района Республики Татарстан\"","Геология"]
[5,"Сабинский район","Муниципальное бюджетное общеобразовательное учреждение \"Сабинская средняя общеобразовательная школа Сабинского муниципального района Республики Татарстан\"","Амиров","Бахтияр","Дамирович","м","30.08.2006","нет",11,11,77,0,77,100,"призер",null,"Аглямзянова Рамзия Василовна","муниципальное бюджетное общеобразовательное учреждение «Сабинская средняя общеобразовательная школа Сабинского муниципального района Республики Татарстан»","Геология"]
[6,"Бугульминский район","МБОУ лицей-интернат имени Мустафы Онджеля Бугульминского муниципального района Республики Татарстан","Ахметханов","Айдар","Ильдарович","м","2005-11-12",null,10,43,{"$nulls":4},"Призер ЗЭ РОШ 2023","Степанищева Татьяна Михайловна","МБОУ лицей-интернат имени Мустафы Онджеля Бугульминского муниципального района Республики Татарстан"]
[7,"Ново-Савиновский район","Муниципальное бюджетное общеобразовательное учреждение \"Лицей №177\" Ново-Савиновского района г. Казань","Багданова","Аделина","Маратовна","ж","18.06.2006","нет",11,11,{"$nulls":4},"Призер ЗЭ РОШ 2024",null,"Амиров Рустем Вагизович","МБОУ \"Лицей №177\"","Геология"]
[8,"Набережные Челны","Муниципальное бюджетное общеобразовательное учреждение \"Средняя общеобразовательная школа №32 с углубленным изучением отдельных предметов\";","Бахтигареева","Даниэла","Ринатовна","ж","06.10.2006","нет",11,11,{"$nulls":4},"Призер ЗЭ РОШ 2025",null,"Асадулина Лилия Галиевна","Муниципальное бюджетное общеобразовательное учреждение \"Средняя общеобразовательная школа №32 с углубленным изучением отдельных предметов\" г. Набережные Челны Республики Татарстан","Геология"]
[9,"Аксубаевский район","МБОУ «Аксубаевская средняя общеобразовательная школа №3» Аксубаевского муниципального района Республики Татарстан","Билалова","Камилла","Юлдусовна","Ж","2006-06-26",null,10,67,{"$nulls":4},"Призер ЗЭ РОШ 2026","Пензенцева Екатерина Ивановна","МБОУ «Аксубаевская средняя общеобразовательная школа №3» Аксубаевского муниципального района Республики Татарстан"]
[10,"Нурлатский район","МАОУ «СОШ№9» г.Нурлат Республики Татарстан","Бильданова","Ильвина","Ильдусовна","ж","2006-06-07",null,10,43,{"$nulls":4},"Призер ЗЭ РОШ 2027","Маринина Ирина Ивановна","МАОУ «СОШ№9» г.Нурлат Республики Татарстан"]
[11,"Набережные Челны","Муниципальное бюджетное общеобразовательное учреждение \"Средняя общеобразовательная школа №6\"","Бурганова","Диляра","Павловна","ж","21.02.2006","нет",11,11,{"$nulls":4},"Призер ЗЭ РОШ 2028","Да","Гараева Ольга Николаевна","Муниципальное бюджетное общеобразовательное учреждение «Средняя общеобразовательная школа №6» г. Набережные Челны","Геология"]
[12,"Советский район","Муниципальное бюджетное общеобразовательное учреждение \"Средняя общеобразовательная школа №84 с углубленным изучением иностранных языков\" Советского района г.Казани","Буштак","Дарья","Павловна","ж","18.05.2007","нет",11,11,{"$nulls":4},"Призер ЗЭ РОШ 2029",null,"Чучева Ольга Александровна","МБОУ \"Школа №84\"","Геология"]
[13,"Нижнекамский район","Муниципальное бюджетное общеобразовательное учреждение \"Гимназия №22\" Нижнекамского муниципального района Республики Татарстан","Гайсарова","Арина","Денисовна","ж","16.02.2006","нет",11,11,{"$nulls":4},"Призер ЗЭ РОШ 2030","Да","Латыпова Лилия Захраповна","МБОУ \"Гимназия №22\" НМР РТ","Геология"]
[14,"Набережные Челны","Муниципальное автономное общеобразовательное учреждение города Набережные Челны \"Средняя общеобразовательная школа №21\"","Гайфутдинов","Азамат","Ильдусович","м","30.10.2006","нет",11,11,{"$nulls":4},"Призер ЗЭ РОШ 2031",null,"Кашапова Ирина Сагитовна","Муниципальное автономное общеобразовательное учреждение города Набережные Челны \"Средняя общеобразовательная школа №21\"","Геология"]
[15,"Набережные Челны","Муниципальное бюджетное общеобразовательное учреждение \"Гимназия №29\"","Гайфутдинов","Камиль","Равилевич","м","13.07.2006","нет",11,11,{"$nulls":4},"Призер ЗЭ РОШ 2032",null,"Гиндуллина Гульчачак Гафуровна","Муниципальное бюджетное общеобразовательное учреждение \"Гимназия №29\" г. Набережные Челны","Геология"]
[16,"Набережные Челны","Муниципальное автономное общеобразовательное учреждение города Набережные Челны \"Гимназия №61\"","Галиева","Камалия","Фанисовна","ж","12.05.2006","нет",11,11,{"$nulls":4},"Призер ЗЭ РОШ 2033",null,"Степанова Елена Васильевна","муниципальное автономное общеобразовательное учреждение \"Гимназия №61\" г.Набережные Челны","Геология"]
[17,"Набережные Челны","Муниципальное автономное общеобразовательное учреждение  \"Гимназия №77\"","Галиуллина","Амалия","Ильнаровна","ж","11.12.2006","нет",11,11,{"$nulls":4},"Призер ЗЭ РОШ 2034","Да","Корелова Светлана Владимировна","Муниципальное автономное общеобразовательное учреждение г. Набережные Челны \"Гимназия №77\"","Геология"]
[18,"Сармановский район","Муниципальное бюджетное общеобразовательное учреждение \"Джалильская гимназия\" Сармановского муниципального района Республики Татарстан","Гарипов","Марсель","Русланович","м","09.09.2006","нет",11,11,{"$nulls":4},"Призер ЗЭ РОШ 2035",null,"Гараева В.а.","МБОУ \"Джалильская гимназия\"","Геология"]
[19,"Ютазинский район","МБОУ \"Уруссинская СОШ № 3\"","Гатиятуллин","Амир","Ришатович","м","07.01.2006","нет",11,11,{"$nulls":4},"Призер ЗЭ РОШ 2036",null,"Миллер Гейнрих Эдуардович","МБОУ \"Уруссинская СОШ № 3\" Ютазинского МР","Геология"]
[20,"Советский район","Муниципальное бюджетное общеобразовательное учреждение \"Гимназия №175\" Советского района г.Казани","Глазунов","Илья","Павлович","м","17.08.2006","нет",11,11,{"$nulls":4},"Призер ЗЭ РОШ 2037",null,"Халикова Венера Закирзяновна","МБОУ \"Гимназия №175\"","Геология"]
[21,"Советский район","МБОУ «Гимназия №93»  Советского района г.Казани","Губайдуллин","Артур","Шамилевич","М","2006-10-05",null,10,38,{"$nulls":4},"Призер ЗЭ РОШ 2038","Шлямина Ирина Борисовна","МБОУ «Гимназия №93»  Советского района г.Казани"]
[22,"Елабужский район","Муниципальное бюджетное общеобразовательное учреждение «Гимназия №1-Центр национального образования» Елабужского муниципального района Республики Татарстан","Гумеров","Ильгиз","Ирекович","м","16.11.2006","нет",11,11,{"$nulls":4},"Призер ЗЭ РОШ 2039","Да","Хадиуллина Айгуль Азатовна","МБОУ \"Гимназия №1 - Центр национального образования\" ЕМР РТ","Геология"]
[23,"Буинский район","МБОУ \"Средняя общеобразовательная школа №1 с углубленным изучением отдельных предметов\" г.Буинска РТ","Давлетшина","Ляйсан","Идрисовна","ж","04.11.2006","нет",11,11,{"$nulls":4},"Призер ЗЭ РОШ 2040",null,"Ахметзянова Лейсан Салиховна","МБОУ \"Средняя общеобразовательная школа №1 с углубленным изучением отдельных предметов\" г.Буинска РТ","Геология"]
[24,"Ново-Савиновский район","МБОУ \"Гимназия № 179-центр образования\" Ново-Савиновского района г.Казани","Дюрдеев","Кирилл","Владимирович","м","15.08.2006","нет",11,11,{"$nulls":4},"Призер ЗЭ РОШ 2041",null,"Захаровденисевгеньевич","МБОУ\"Гимназия№179-центробразования\"","Геология"]
[25,"Заинский район","Муниципальное бюджетное общеобразовательное учреждение \"Заинская средняя общеобразовательная школа №2\" Заинского муниципального района Республики Татарстан","Ермакова","Камилла","Николаевна","ж","30.05.2006","нет",11,11,{"$nulls":4},"Призер ЗЭ РОШ 2042",null,"Камалиева Рена Фархатовна","МБОУ ЗСОШ №2","Геология"]
[26,"Актанышский район","Муниципальное бюджетное общеобразовательное учреждение \"Кировская средняя общеобразовательная школа\" Актанышского муниципального района Республики Татарстан","Ибрагимова","Инзиля","Илшатовна","ж","26.06.2006","нет",11,11,{"$nulls":4},"Призер ЗЭ РОШ 2043",null,"Хафизова Резида Фердинантовна","МБОУ \"Кировская СОШ\"","Геология"]
[27,"Кукморский район","Муниципальное бюджетное общеобразовательное учреждение «Средняя общеобразовательная школа села Средний Кумор» Кукморского муниципального района Республики Татарстан","Исанькин","Данил","Витальевич","м","06.11.2007","нет",11,11,{"$nulls":4},"Призер ЗЭ РОШ 2044",null,"Ефимова Альбина Рафисовна","МБОУ \"СОШ с. Средний Кумор\"","Геология"]
[28,"Альметьевский район","муниципальное бюджетное общеобразовательное учреждение \"Гимназия №1 им.Р. Фахретдина\" г.Альметьевска РТ","Исмагилова","Миляуша","Ильмировна","ж","05.07.2007","нет",11,11,{"$nulls":4},"Призер ЗЭ РОШ 2045",null,"Зиганшина Венера Рузиловна","МБОУ \"Гимназия №1 им.Р. Фахретдина\"","Геология"]
[29,"Приволжский район","СУНЦ ОШИ«IT-лицей» ФГАОУ ВО «Казанский (Приволжский) федеральный университет»","Латфуллина","Элина","Ильсуровна","Ж","2006-02-21",null,10,60,{"$nulls":4},"Призер ЗЭ РОШ 2046","Куликов Александр Михайлович","СУНЦ ОШИ«IT-лицей» ФГАОУ ВО «Казанский (Приволжский) федеральный университет»"]
[30,"Набережные Челны","Муниципальное автономное общеобразовательное учреждение города Набережные Челны \"Гимназия №61\"","Мингалиева","Лия","Ниязовна","ж","18.07.2006","нет",11,11,{"$nulls":4},"Призер ЗЭ РОШ 2047",null,"Степанова Елена Васильевна","муниципальное автономное общеобразовательное учреждение \"Гимназия №61\" г.Набережные Челны","Геология"]
[31,"Черемшанский район","Муниципальное бюджетное общеобразовательное учреждение \"Черемшанский лицей\" Черемшанского муниципального района Республики Татарстан","Мубаракшина","Алия","Ильдаровна","ж","24.01.2007","нет",11,11,{"$nulls":4},"Призер ЗЭ РОШ 2048",null,"Яруллина Альбина Аликовна","МБОУ \"Черемшанский лицей\"","Геология"]
[32,"Нижнекамский район","Муниципальное бюджетное общеобразовательное учреждение «Лицей №35» Нижнекамского муниципального района Республики Татарстан","Мясников","Максим","Игоревич","м","06.10.2006","нет",11,11,{"$nulls":4},"Призер ЗЭ РОШ 2049","Да","Сагдиева Физуня Мустакимовна","МБОУ \"Лицей №35\" НМР РТ","Геология"]
[33,"Бугульминский район","Лицей-интернат им.М.Онджеля","Нагимов","Амир","Наилевич","м","02.03.2006",null,11,11,{"$nulls":4},"Призер ЗЭ РОШ 2050",null,"Инсапов Н.а.","Лицей-интернат им.М.Онджеля","Геология"]
[34,"Приволжский район","СУНЦ ОШИ«IT-лицей» ФГАОУ ВО «Казанский (Приволжский) федеральный университет»","Назмиева","Алина","Ильгамовна","Ж","2006-11-10",null,10,70,{"$nulls":4},"Призер ЗЭ РОШ 2051","Куликов Александр Михайлович","СУНЦ ОШИ«IT-лицей» ФГАОУ ВО «Казанский (Приволжский) федеральный университет»"]
[35,"Чистопольский район","Муниципальное бюджетное общеобразовательное учреждение « Гимназия № 1» Чистопольского муниципального района Республики Татарстан","Русяев","Марк","Вадимович","м","29.08.2006","нет",11,11,{"$nulls":4},"Призер ЗЭ РОШ 2052",null,"Шанина Рушана Асхатовна","МБОУ \"Гимназия 1\"","Геология"]
[36,"Азнакаевский район","Муниципальное бюджетное общеобразовательное учреждение «Средняя общеобразовательная школа № 2 пгт Актюбинский \"  Азнакаевского муниципального района Республики Татарстан","Сабирзянов","Камиль","Данилевич","м","22.05.2006",null,11,11,{"$nulls":4},"Призер ЗЭ РОШ 2053",null,"Муртазина Лилия Ильмировна","МБОУ\"СОШ№2пгтАктюбинский\"","Геология"]
[37,"Альметьевский район","МБОУ – СОШ №4","Сабирзянова","Азалия","Ильдаровна","ж","02.10.2005","нет",11,11,{"$nulls":4},"Призер ЗЭ РОШ 2054",null,"Чурбанова Гульюзум Миргалимовна","МБОУ\"СОШ-4\"","Геология"]
[38,"Черемшанский район","МБОУ \"Лашманская средняя общеобразовательная школа\"","Сулейманова","Гулина","Наилевна","ж","23.10.2006","нет",11,11,{"$nulls":4},"Призер ЗЭ РОШ 2055",null,"Мубаракшина Раушания Хадиевна","МБОУ \"Лашманская СОШ\"","Геология"]
[39,"Азнакаевский район","Муниципальное бюджетное общеобразовательное учреждение \"Средняя общеобразовательная школа №1 п.г.т. Актюбинский\" Азнакаевского муниципального района РТ","Федотова","Кира","Дмитриевна","ж","17.01.2007",null,11,11,{"$nulls":4},"Призер ЗЭ РОШ 2056",null,"Шамсутдинова Зинира Альфритовна","МБОУ \"СОШ №1 п.г.т. Актюбинский\"","Геология"]
[40,"Балтасинский район","Муниципальное бюджетное общеобразовательное учреждение \"Нурминская средняя общеобразовательная школа\" Балтасинского муниципального района Республики Татарстан","Хабибуллина","Ландыш","Халитовна","ж","02.07.2006","нет",11,11,{"$nulls":4},"Призер ЗЭ РОШ 2057",null,"Закирова Ландыш Павловна","МБОУ \"Нурминская СОШ\"","Геология"]
[41,"Набережные Челны","Муниципальное бюджетное общеобразовательное учреждение \"Гимназия №29\"","Хаертдинов","Азат","Ильсурович","м","03.01.2006","нет",11,11,{"$nulls":4},"Призер ЗЭ РОШ 2058",null,"Гиндуллина Гульчачак Гафуровна","Муниципальное бюджетное общеобразовательное учреждение \"Гимназия №29\" г. Набережные Челны","Геология"]
[42,"Алькеевский район","муниципальное бюджетное общеобразовательное учреждение \"Чувашско-Бурнаевская средняя общеобразовательная школа\" Алькеевского муниципального района Республики Татарстан","Хакимов","Алмаз","Динарович","м","08.08.2008","нет",9,11,{"$nulls":4},"Призер ЗЭ РОШ 2059",null,"Емелюкова Надежда Тимофеевна","МБОУ \"Чувашско-Бурнаевская СОШ\"","Геология"]
[43,"Сабинский район","МБОУ «Гимназия п.г.т. Богатые Сабы Сабинского муниципального района Республики Татарстан» ","Хубайбуллина","Зарина","Ильсуровна","Ж","2006-08-06",null,10,44,{"$nulls":4},"Призер ЗЭ РОШ 2060","Фазылов Рамис Мухаметкамилович","МБОУ «Гимназия п.г.т. Богатые Сабы Сабинского муниципального района Республики Татарстан» "]
[44,"Актанышский район","ГАОУ «Гуманитарная  гимназия-интернат для одаренных детей»","Хузин","Вильдан","Ниязович","м","2006-04-04",null,10,56,{"$nulls":4},"Призер ЗЭ РОШ 2061","Файзуллин Рустам Уелович","ГАОУ «Гуманитарная  гимназия-интернат для одаренных детей»"]
[45,"Мензелинский район","Муниципальное бюджетное общеобразовательное учреждение \"Средняя общеобразовательная школа №2\" г. Мензелинска Республики Татарстан","Чибирева","Софья","Руслановна","м","29.06.2006","нет",11,11,{"$nulls":4},"Призер ЗЭ РОШ 2062",null,"Зиязиева Р.р.","МБОУ \"СОШ №2\" г. Мензелинска РТ","Геология"]
[46,"Рыбно-Слободский район","МБОУ «Большеелгинская средняя общеобразовательная школа» Рыбно-Слободского муниципального района Республики Татарстан","Шайхутдинов","Амир","Ринатович","м","2006-06-19",null,10,47,{"$nulls":4},"Призер ЗЭ РОШ 2063","Хуснутдинова Лилия Рафаиловна","МБОУ «Большеелгинская средняя общеобразовательная школа» Рыбно-Слободского муниципального района Республики Татарстан"]
[47,"Заинский район","МБОУ «Заинская средняя общеобразовательная школа №7 с углубленным изучением отдельных предметов» Заинского муниципального района Республики Татарстан","Юсупова","Амина","Илшатовна","ж","2006-06-05",{"$nulls":7},"Призер ЗЭ РОШ 2066","Долгова Любовь Ивановна","МБОУ «Заинская средняя общеобразовательная школа №7 с углубленным изучением отдельных предметов» Заинского муниципального района Республики Татарстан"]

{"sheet":"10 класс","index":1,"n_rows":45,"n_cols":20,"rows_kept":45}
["Список приглашенных на заключительный этап республиканской олиимпиады школьников по геологии  в 2023-2014 учебном году, 10 класс"]
["№","Район","Название ОУ","Фамилия","Имя","Отчество","Пол","Дата рождения","Участник с ОВЗ","Класс","Класс участия","Балл","Добавлено баллов по итогам апелляции","Итоговый балл","Макс. балл","Статус","Призер республиканского / регионального этапа прошлого года","Учитель","Место работы учителя","Предмет"]
[1,"Заинский район","Муниципальное бюджетное общеобразовательное учреждение \"Заинская средняя общеобразовательная школа №4\" ЗМР РТ","Зиатдинов","Ильназ","Рамисович","м","23.04.2007","нет",10,10,92.5,0,92.5,100,"победитель",null,"Хабибрахманова Светлана Джавдатовна","МБОУ ЗСОШ №4","Геология"]
[2,"Лениногорский район","Муниципальное бюджетное общеобразовательное учреждение \"Шугуровская средняя общеобразовательная школа имени Валерия Павловича Чкалова\" муниципального образования \"Лениногорский муниципальный район\" Республики Татарстан","Гирфанов","Рамис","Рамилевич","м","16.03.2007","нет",10,10,92,0,92,100,"победитель","Да","Гильманов Наиль Анурбекович","МБОУ «Шугуровская СОШ им.В.П.Чкалова»","Геология"]
[3,"Заинский район","Муниципальное бюджетное общеобразовательное учреждение «Заинская средняя общеобразовательная школа № 7  с углубленным изучением отдельных предметов» Заинского муниципального района Республики Татарстан","Столбова","Дарья","Дмитриевна","ж","12.02.2008","нет",10,10,89.5,0,89.5,100,"участник",null,"Долгова Любовь Ивановна","МБОУ \"ЗСОШ №7 с УИОП\"","Геология"]
[4,"Приволжский район","Специализированный учебный научный центр – общеобразовательная школа-интернат «IT-лицей» федерального государственного автономного образовательного учреждения высшего образования «Казанский (Приволжский) федеральный университет»","Глинская","Анастасия","Максимовна","ж","06.08.2007","нет",10,10,89.5,0,89.5,100,"победитель",null,"Куликов Александр Михайлович","СУНЦ IT-лицей КФУ","Геология"]
[5,"Кукморский район","муниципальное бюджетное общеобразовательное учреждение «Яныльская средняя школа имени Р.М.Зарипова» Кукморского муниципального района Республики Татарстан","Рахимуллина","Розалина","Рафаэлевна","ж","14.10.2007","нет",10,10,89,0,89,100,"победитель",null,"Каримуллин Рифкать Рифатович","Муниципальное бюджетное общеобразовательное учреждение \"Яныльская средняя школа имени Р.М.Зарипова\"","Геология"]
[6,"Приволжский район","Муниципальное бюджетное общеобразовательное учреждение «Лицей №83 - Центр образования» Приволжского района г. Казани","Резванов","Карим","Ривкатович","м","15.07.2007","нет",10,10,89,0,89,100,"победитель",null,"Бугрова Ольга Николаевна","МБОУ \"Лицей №83-ЦО\"","Геология"]
[7,"Ютазинский район","МБОУ \"Каразерикская СОШ им. Г.Вильданова\"","Ракипов","Булат","Назимович","м","21.02.2007","нет",10,10,89,0,89,100,"победитель",null,"Шакирова Милауша Миннеяровна","МБОУ \"Каразерикская СОШ им. Г.Вильданова\" Ютазинского МР","Геология"]
[8,"Альметьевский район","Муниципальное автономное общеобразовательное учреждение \"Лицей №2\" г. Альметьевска РТ","Нургатин","Искандер","Рамилевич","м","29.10.2007","нет",10,10,88.5,0,88.5,100,"победитель","Да","Киселева Ирина Борисовна","МАОУ \"Лицей №2\"","Геология"]
[9,"Пестречинский район","МБОУ \"Пестречинская СОШ №1 с углубленным изучением отдельных предметов имени Героя России Ивана Алексеевича Додосова\"","Азизова","Эндже","Ильнуровна","ж","15.05.2007","нет",10,10,88,0,88,100,"победитель",null,"Ткачева Евгения Александровна","МБОУ \"Пестречинская СОШ №1 с углубленным изучением отдельных предметов имени Героя России Ивана Алексеевича Додосова\"","Геология"]
[10,"Тетюшский район","Муниципальное бюджетное общеобразовательное учреждение «Тетюшская средняя общеобразовательная школа №1 имени Героя Советского Союза Ханжина Павла Семеновича» Тетюшского муниципального района Республики Татарстан","Аввакумов","Данил","Сергеевич","м","09.03.2007","нет",10,10,88,0,88,100,"победитель","Да","Горшкова Наталья Анатольевна","МБОУ \"Тетюшская СОШ №1 им.Ханжина П.С.\"","Геология"]
[11,"Тетюшский район","Муниципальное бюджетное общеобразовательное учреждение «Тетюшская средняя общеобразовательная школа №1 имени Героя Советского Союза Ханжина Павла Семеновича» Тетюшского муниципального района Республики Татарстан","Молодцов","Дмитрий","Анатольевич","м","15.03.2007","нет",10,10,88,0,88,100,"победитель",null,"Горшкова Наталья Анатольевна","МБОУ \"Тетюшская СОШ №1 им.Ханжина П.С.\"","Геология"]
[12,"Ново-Савиновский район","Муниципальное бюджетное общеобразовательное учреждение \"Лицей №177\" Ново-Савиновского района г. Казань","Садриева","Элиза","Алмазовна","ж","28.07.2007","нет",10,10,87.5,0,87.5,100,"призер",null,"Амиров Рустем Вагизович","МБОУ \"Лицей №177\"","Геология"]
[13,"Приволжский район","Специализированный учебный научный центр – общеобразовательная школа-интернат «IT-лицей» федерального государственного автономного образовательного учреждения высшего образования «Казанский (Приволжский) федеральный университет»","Садритдинова","Ляйсан","Ильясовна","ж","17.04.2007","нет",10,10,87.5,0,87.5,100,"призер",null,"Куликов Александр Михайлович","СУНЦ IT-лицей КФУ","Геология"]
[14,"Альметьевский район","Муниципальное автономное общеобразовательное учреждение \"Лицей №2\" г. Альметьевска РТ","Анисахарова","Виктория","Максимовна","ж","08.05.2007","нет",10,10,85.5,0,85.5,100,"призер","Да","Киселева Ирина Борисовна","МАОУ \"Лицей №2\"","Геология"]
[15,"Ново-Савиновский район","МБОУ \"Гимназия № 179-центр образования\" Ново-Савиновского района г.Казани","Сабиров","Карим","Рафаэлевич","м","25.12.2006","нет",10,10,85.5,0,85.5,100,"призер",null,"Вилковалюдмилапетровна","МБОУ\"Гимназия№179-центробразования\"","Геология"]
[16,"Мензелинский район","МБОУ \"СОШ №3\"","Хакимов","Руслан","Робертович","м","28.01.2007","нет",10,10,85,0,85,100,"победитель",null,"Горохова Татьяна Леонидовна","МБОУ \"СОШ №3\"","Геология"]
[17,"Приволжский район","Специализированный учебный научный центр – общеобразовательная школа-интернат «IT-лицей» федерального государственного автономного образовательного учреждения высшего образования «Казанский (Приволжский) федеральный университет»","Чекалин","Гадель","Альбертович","м","30.07.2007","нет",10,10,85,0,85,100,"призер",null,"Куликов Александр Михайлович","СУНЦ IT-лицей КФУ","Геология"]
[18,"Муслюмовский район","Муниципальное бюджетное общеобразовательное учреждение Муслюмовский лицей Муслюмовкого муниципального района РТ","Шакирова","Алина","Маратовна","ж","02.02.2008","нет",10,10,84.5,0,84.5,100,"победитель","Да","Смелов Рустем Робертович","Муслюмовский лицей","Геология"]
[19,"Приволжский район","Специализированный учебный научный центр – общеобразовательная школа-интернат «IT-лицей» федерального государственного автономного образовательного учреждения высшего образования «Казанский (Приволжский) федеральный университет»","Баландина","Софья","Ильинична","ж","23.04.2007","нет",10,10,84.5,0,84.5,100,"призер",null,"Куликов Александр Михайлович","СУНЦ IT-лицей КФУ","Геология"]
[20,"Ютазинский район","МБОУ \"Уруссинская СОШ № 3\"","Габдрахманов","Ильдан","Айнурович","м","28.01.2008","нет",10,10,84.5,0,84.5,100,"призер",null,"Миллер Гейнрих Эдуардович","МБОУ \"Уруссинская СОШ № 3\" Ютазинского МР","Геология"]
[21,"Лениногорский район","Муниципальное бюджетное общеобразовательное учреждение \"Шугуровская средняя общеобразовательная школа имени Валерия Павловича Чкалова\" муниципального образования \"Лениногорский муниципальный район\" Республики Татарстан","Бадыков","Камиль","Рамилевич","м","18.08.2007","нет",10,10,84,0,84,100,"призер",null,"Гильманов Наиль Анурбекович","МБОУ «Шугуровская СОШ им.В.П.Чкалова»","Геология"]
[22,"Актанышский район","Государственное автономное общеобразовательное учреждение  \"Гуманитарная гимназия-интернат для одаренных детей\"","Султанов","Самат","Булатович","м","10.11.2007","нет",10,10,83.5,0,83.5,100,"победитель","Да","Файзуллин Рустам Уелович","ГАОУ \"Гуманитарная гимназия-интернат для одаренных детей\"","Геология"]
[23,"Набережные Челны","Муниципальное автономное общеобразовательное учреждение  \"Гимназия №77\"","Федотов","Артур","Александрович","м","20.04.2007","нет",10,10,83.5,0,83.5,100,"победитель",null,"Корелова Светлана Владимировна","Муниципальное автономное общеобразовательное учреждение г. Набережные Челны \"Гимназия №77\"","Геология"]
[24,"Приволжский район","Специализированный учебный научный центр – общеобразовательная школа-интернат «IT-лицей» федерального государственного автономного образовательного учреждения высшего образования «Казанский (Приволжский) федеральный университет»","Рахматуллина","Лилиана","Ильдаровна","ж","20.04.2007","нет",10,10,83.5,0,83.5,100,"призер",null,"Куликов Александр Михайлович","СУНЦ IT-лицей КФУ","Геология"]
[25,"Набережные Челны","Муниципальное бюджетное общеобразовательное учреждение \"Средняя общеобразовательная школа №6\"","Шыхыев","Гейдар","Хатир Оглы","м","23.02.2008","нет",10,10,82.5,0,82.5,100,"призер",null,"Гараева Ольга Николаевна","Муниципальное бюджетное общеобразовательное учреждение «Средняя общеобразовательная школа №6» г. Набережные Челны","Геология"]
[26,"Приволжский район","Муниципальное автономное общеобразовательное учреждение «Гимназия №19» Приволжского района г. Казани","Шамсутдинов","Тимирхан","Марселевич","м","5/27/2007","нет",10,10,82.5,0,82.5,100,"призер",null,"Зиятдинова Наиля Гаптельфартовна","МАОУ \"Гимназия №19\"","Геология"]
[27,"Приволжский район","Муниципальное автономное общеобразовательное учреждение «Гимназия №19» Приволжского района г. Казани","Шириязданов","Камиль","Маратович","м","7/9/2007","нет",10,10,82.5,0,82.5,100,"призер",null,"Зиятдинова Наиля Гаптельфартовна","МАОУ \"Гимназия №19\"","Геология"]
[28,"Советский район","Муниципальное бюджетное общеобразовательное учреждение \"Гимназия №183\" Советского района г.Казани","Мухаметшин","Данис","Русланович","м","12.07.2007","нет",10,10,82.5,0,82.5,100,"призер",null,"Баймуратова Язиля Галимяновна","МБОУ \"Гимназия №183\"","Геология"]
[29,"Приволжский район","Муниципальное автономное общеобразовательное учреждение «Гимназия №19» Приволжского района г. Казани","Леконцев","Данил","Владимирович","м","12/25/2006","нет",10,10,81.5,0,81.5,100,"призер",null,"Зиятдинова Наиля Гаптельфартовна","МАОУ \"Гимназия №19\"","Геология"]
[30,"Московский район","МАОУ \"Лицей-интернат №2\"","Усманов","Ильшат","Ильнурович","м","25.03.2007","нет",10,10,80.5,0,80.5,100,"призер",null,"Пономарева Расима Идрисовна","МАОУ \"Лицей-интернат№2\"","Геология"]
[31,"Набережные Челны","Муниципальное автономное общеобразовательное учреждение  \"Гимназия №77\"","Конюхов","Никита","Александрович","м","09.05.2007","нет",10,10,80.5,0,80.5,100,"призер",null,"Корелова Светлана Владимировна","Муниципальное автономное общеобразовательное учреждение г. Набережные Челны \"Гимназия №77\"","Геология"]
[32,"Приволжский район","Муниципальное автономное общеобразовательное учреждение «Гимназия №19» Приволжского района г. Казани","Бабушкин","Евгений","Петрович","м","8/25/2007","нет",10,10,80.5,0,80.5,100,"призер",null,"Зиятдинова Наиля Гаптельфартовна","МАОУ \"Гимназия №19\"","Геология"]
[33,"Азнакаевский район","Муниципальное бюджетное общеобразовательное учреждение \"Средняя общеобразовательная школа №1 п.г.т. Актюбинский\" Азнакаевского муниципального района РТ","Низаметдинова","Аделия","Фанзилевна","ж","06.03.2007",{"$nulls":7},"Призер ЗЭ РОШ 2023",null,"Шамсутдинова Зинира Альфритовна","МБОУ \"СОШ №1 п.г.т. Актюбинский\" Азнакаевского муниципального района РТ","Геология"]
[34,"Азнакаевский район","Муниципальное бюджетное общеобразовательное учреждение \"Средняя общеобразовательная школа №1 п.г.т. Актюбинский\" Азнакаевского муниципального района РТ","Соколова","Дарья","Сергеевна","ж","26.01.2008",{"$nulls":7},"Призер ЗЭ РОШ 2023",null,"Шамсутдинова Зинира Альфритовна","МБОУ \"СОШ №1 п.г.т. Актюбинский\" Азнакаевского муниципального района РТ","Геология"]
[35,"Аксубаевский район","МБОУ \"Аксубаевская СОШ №3\"","Белов","Артем","Игоревич","м","26.06.2007",{"$nulls":7},"Призер ЗЭ РОШ 2023",null,"Пензенцева Екатерина Ивановна","Муниципальное бюджетное общеобразовательное учреждение \"Аксубаевская средняя общеобразовательная школа№3\" Аксубаевского муниципального района Республики Татарстан","Геология"]
[36,"Арский","МБОУ «Сикертанская основная общеобразовательная школа имени Галиаскара Камала» Арского муниципального района Республики Татарстан","Шамсемухаметова  ","Илюза","Илгизовна","ж","2007-07-10",{"$nulls":7},"Призер ЗЭ РОШ 2023","Сагидуллина Чулпан Расимовна","МБОУ «Сикертанская основная общеобразовательная школа имени Галиаскара Камала» Арского муниципального района Республики Татарстан"]
[37,"Атнинский район","МБОУ «Кушарская основная общеобразовательная школа» Атнинского муниципального района Республики Татарстан","Хисамиева","Сюмбель","Робертовна","ж","2007-10-06",{"$nulls":7},"Призер ЗЭ РОШ 2023","Загидуллина Зульфия Дамировна","МБОУ «Кушарская основная общеобразовательная школа» Атнинского муниципального района Республики Татарстан"]
[38,"Бугульминский район","МБОУ гимназия №7 Бугульминского муниципального района Республики Татарстан","Коблякова","Анастасия","Андреевна","ж","2007-12-18",{"$nulls":7},"Призер ЗЭ РОШ 2023","Рашевская Светлана Николаевна","МБОУ гимназия №7 Бугульминского муниципального района Республики Татарстан"]
[39,"Камско-Устьинский район","Муниципальное бюджетное общеобразовательное учреждение «Камскоустьинская средняя общеобразовательная школа» Камско-Устьинского муниципального района","Морозова","Дарья","Дмитриевна","ж","21.02.2007",{"$nulls":7},"Призер ЗЭ РОШ 2023",null,"Саттаров М.ф.","МБОУ \"Камскоустьинская СОШ\"","Геология"]
[40,"Московский район","МАОУ  «Лицей-интернат №2» Московского района г. Казани","Хисамиров","Карим","Вилевич","М","2007-08-28",{"$nulls":7},"Призер ЗЭ РОШ 2023","Понаморева Расима Идрисовна","МАОУ  «Лицей-интернат №2» Московского района г. Казани"]
[41,"Ново-Савиновский район","МБОУ «Гимназия № 179-центр образования» Ново-Савиновского района г.Казани","Васильев","Максим","Дмитриевич","М","2007-07-20",{"$nulls":7},"Призер ЗЭ РОШ 2023","Вилкова Людмила Петровна","МБОУ «Гимназия № 179-центр образования» Ново-Савиновского района г.Казани"]
[42,"Ново-Савиновский район","МБОУ «Гимназия № 179-центр образования» Ново-Савиновского района г.Казани","Красоткин","Дэвид","Андреевич","М","2006-12-24",{"$nulls":7},"Призер ЗЭ РОШ 2023","Вилкова Людмила Петровна","МБОУ «Гимназия № 179-центр образования» Ново-Савиновского района г.Казани"]
[43,"Приволжский район","МБОУ «Лицей №83 - Центр образования» Приволжского района г. Казани","Беляков","Станислав","Игоревич","М","2007-02-19",{"$nulls":7},"Призер ЗЭ РОШ 2023","Бугрова Ольга Николаевна","МБОУ «Лицей №83 - Центр образования» Приволжского района г. Казани"]

{"sheet":"9 класс","index":2,"n_rows":42,"n_cols":20,"rows_kept":42,"merged":[[0,0,0,19]]}
["Список приглашенных на заключительный этап республиканской олиимпиады школьников по геологии  в 2023-2014 учебном году, 9 класс"]
["№","Район","Название ОУ","Фамилия","Имя","Отчество","Пол","Дата рождения","Участник с ОВЗ","Класс","Класс участия","Балл","Добавлено баллов по итогам апелляции","Итоговый балл","Макс. балл","Статус","Призер республиканского / регионального этапа прошлого года","Учитель","Место работы учителя","Предмет"]
[1,"Набережные Челны","Муниципальное автономное общеобразовательное учреждение  \"Гимназия №77\"","Полевой","Никита","Евгеньевич","м","2008-12-17","нет",9,9,91,0,91,100,"победитель","Да","Корелова Светлана Владимировна","Муниципальное автономное общеобразовательное учреждение г. Набережные Челны \"Гимназия №77\"","Геология"]
[2,"Сабинский район","Муниципальное бюджетное общеобразовательное учреждение \"Шеморданский лицей \"Рост\" Сабинского муниципального района Республики Татарстан\"","Алимов","Айрат","Нагимович","м","2008-04-21","нет",9,9,90,0,90,100,"победитель",null,"Миннеханов Алмаз Ильшатович","Муниципальное бюджетное общеобразовательное учреждение\" Шеморданский лицей \"Рост\"Сабинского муниципальног района Республики Татарстан\"","Геология"]
[3,"Тетюшский район","Муниципальное бюджетное общеобразовательное учреждение «Тетюшская средняя общеобразовательная школа №1 имени Героя Советского Союза Ханжина Павла Семеновича» Тетюшского муниципального района Республики Татарстан","Волков","Константин","Евгеньевич","м","2008-01-17","нет",9,9,90,0,90,100,"победитель","Да","Горшкова Наталья Анатольевна","МБОУ \"Тетюшская СОШ №1 им.Ханжина П.С.\"","Геология"]
[4,"Заинский район","Муниципальное  бюджетное общеобразовательное учреждение \"Заинская средняя общеобразовательная школа №3\" Заинского муниципального района Республики Татарстан","Сатторова","Амалия","Улугбековна","ж","2008-12-30",null,9,9,89,0,89,100,"победитель",null,"Шангареева Алсу Рифкатовна","МБОУ \"ЗСОШ №3\"","Геология"]
[5,"Приволжский район","Специализированный учебный научный центр – общеобразовательная школа-интернат «IT-лицей» федерального государственного автономного образовательного учреждения высшего образования «Казанский (Приволжский) федеральный университет»","Куликова","Елизавета","Александровна","ж","2008-08-13","нет",9,9,89,0,89,100,"победитель",null,"Куликов Александр Михайлович","СУНЦ IT-лицей КФУ","Геология"]
[6,"Буинский район","Муниципальное бюджетное общеобразовательное учреждение \"Альшиховская средняя общеобразовательная школа Буинского муниципального района Республики Татарстан\"","Казаков","Николай","Владимирович","м","2008-04-23","нет",9,9,87,0,87,100,"победитель",null,"Гафурова Гульчачак Канафеевна","МБОУ \"Альшиховская СОШ \"","Геология"]
[7,"Азнакаевский район","Муниципальное бюджетное общеобразовательное учреждение \"Средняя общеобразовательная школа №1 п.г.т. Актюбинский\" Азнакаевского муниципального района РТ","Яркова","Анастасия","Владимировна","ж","2008-01-21",null,9,9,86,0,86,100,"победитель",null,"Шамсутдинова Зинира Альфритовна","МБОУ \"СОШ №1 п.г.т. Актюбинский\" Азнакаевского муниципального района РТ","Геология"]
[8,"Алексеевский район","Муниципальное бюджетное общеобразовательное учреждение «Алексеевская средняя общеобразовательная школа № 2 имени Героя Советского Союза Ивана Егоровича Кочнева Алексеевского муниципального района Республики Татарстан»","Майорова","Дарина","Дмитриевна","ж","2008-05-14","нет",9,9,85,0,85,100,"победитель",null,"Ягудина Лилия Рамилевна","МБОУ \"Алексеевская СОШ №2\"","Геология"]
[9,"Алексеевский район","Муниципальное бюджетное общеобразовательное учреждение Мокрокурналинская средняя общеобразовательная школа Алексеевского муниципального района РТ","Холбобоева","Нигина","Бахриддиновна","ж","2008-07-18","нет",9,9,82,0,82,100,"призер",null,"Хайбуллина Галина Дмитриевна","МБОУ Мокрокурналинская СОШ","Геология"]
[10,"Ново-Савиновский район","Муниципальное бюджетное общеобразовательное учреждение «Гимназия №155 с татарским языком обучения» Ново-Савиновского района г. Казани","Ханнанов","Булат","Рамилевич","м","2008-06-02","нет",9,9,82,0,82,100,"победитель",null,"Ханнанова Гульназ Минзакировна","МБОУ \"Гимназия №155\"","Геология"]
[11,"Нижнекамский район","Муниципальное бюджетное общеобразовательное учреждение \"Гимназия №22\" Нижнекамского муниципального района Республики Татарстан","Савельев","Захар","Антонович","м","2008-08-27","нет",9,9,81,0,81,100,"победитель","Да","Латыпова Лилия Захраповна","МБОУ \"Гимназия №22\" НМР РТ","Геология"]
[12,"Советский район","Муниципальное бюджетное общеобразовательное учреждение \"Гимназия №8 - Центр образования\" Советского района г.Казани","Приходько","Виктория","Сергеевна","ж","2008-01-28","да",9,9,81,0,81,100,"призер",null,"Леонтьева Лидия Евгеньевна","МБОУ \"Гимназия №8-Центр образования\"","Геология"]
[13,"Бугульминский район","Гимназия №7","Никитина","Светлана","Алексеевна","ж","2008-11-18",null,9,9,80.7,0,80.7,100,"победитель","Да","Рашевская Светлана Николаевна","Гимназия №7","Геология"]
[14,"Елабужский район","Муниципальное бюджетное общеобразовательное учреждение «Гимназия №1-Центр национального образования» Елабужского муниципального района Республики Татарстан","Сагитов","Билал","Расихович","м","2007-12-05","нет",9,9,80.5,0,80.5,100,"победитель",null,"Хадиуллина Айгуль Азатовна","МБОУ \"Гимназия №1 - Центр национального образования\" ЕМР РТ","Геология"]
[15,"Мензелинский район","Муниципальное бюджетное общеобразовательное учреждение \"Средняя общеобразовательная школа №2\" г. Мензелинска Республики Татарстан","Габдрахманова","Альбина","Азатовна","ж","2008-01-25","нет",9,9,80,0,80,100,"победитель",null,"Зиязиева Рушания Разяповна","МБОУ \"СОШ №2\" г. Мензелинска РТ","Геология"]
[16,"Актанышский район","Муниципальное бюджетное общеобразовательное учреждение \"Актанышская средняя общеобразовательная школа №2 с углубленным изучением отдельных предметов\" Актанышского муниципального района Республики Татарстан","Зиннатова","Аделя","Ленаровна","ж","2008-04-10","нет",9,9,78.5,0,78.5,100,"победитель",null,"Халиулина Мария Владимировна","МБОУ \"АСОШ №2\"","Геология"]
[17,"Альметьевский район","Муниципальное автономное общеобразовательное учреждение \"Лицей №2\" г. Альметьевска РТ","Плотников","Никита","Сергеевич","м","2008-06-17","нет",9,9,78.5,0,78.5,100,"победитель","Да","Киселева Ирина Борисовна","МАОУ \"Лицей №2\"","Геология"]
[18,"Пестречинский район","МБОУ \"Пестречинская СОШ №1 с углубленным изучением отдельных предметов имени Героя России Ивана Алексеевича Додосова\"","Хаев","Ильяс","Ильнарович","м","2008-10-20","нет",9,9,78,0,78,100,"призер",null,"Ткачева Евгения Александровна","МБОУ \"Пестречинская СОШ №1 с углубленным изучением отдельных предметов имени Героя России Ивана Алексеевича Додосова\"","Геология"]
[19,"Набережные Челны","Муниципальное бюджетное общеобразовательное учреждение \"Лицей-интернат №79\"","Калимуллин","Азамат","Рамисович","м","2007-12-22","нет",9,9,77.25,0,77.25,100,"призер",null,"Биктагирова Светлана Гумеровна","МБОУ \"Лицей-интернат №79\"","Геология"]
[20,"Советский район","Муниципальное автономное общеобразовательное учреждение \"Гимназия №141\" Советского района г.Казани","Мубаракшин","Давид","Артурович","м","2008-01-08","нет",9,9,76,0,76,100,"призер",null,"Ильина Светлана Николаевна","МАОУ \"Гимназия №141\"","Геология"]
[21,"Зеленодольский район","Муниципальное бюджетное общеобразовательное учреждение \"Средняя общеобразовательная школа №7 имени Героя Советского Союза В.Х.Хазиева Зеленодольского муниципального района Республики Татарстан\"","Григорьева","Эвелина","Константиновна","ж","2008-11-08","нет",9,9,75.75,0,75.75,100,"участник","Да","Леонтьева Юлия Александровна","МБОУ \"СОШ 7 Им.Героя Советского Союза В.Х.Хазиева ЗМР РТ\"","Геология"]
[22,"Нижнекамский район","Муниципальное бюджетное общеобразовательное учреждение «Лицей №35» Нижнекамского муниципального района Республики Татарстан","Аблакатов","Сергей","Алексеевич","м","2008-07-30","нет",9,9,75.5,0,75.5,100,"призер",null,"Сагдиева Физуня Мустакимовна","МБОУ \"Лицей №35\" НМР РТ","Геология"]
[23,"Нижнекамский район","Муниципальное бюджетное общеобразовательное учреждение \"Гимназия №22\" Нижнекамского муниципального района Республики Татарстан","Камалов","Расул","Ильсурович","м","2008-07-01","нет",9,9,75,0,75,100,"призер",null,"Латыпова Лилия Захраповна","МБОУ \"Гимназия №22\" НМР РТ","Геология"]
[24,"Актанышский район","Муниципальное бюджетное общеобразовательное учреждение \"Верхнеяхшеевская основная общеобразовательная школа\"Актанышского муниципального района Республики Татарстан","Сибатов","Айнур","Фаритович","м","2009-12-23","нет",9,9,73.4,0,73.4,100,"призер",null,"Сибатова Разиля Ринасовна","МБОУ \"Верхнеяхшеевская ООШ\"","Геология"]
[25,"Актанышский район","Муниципальное бюджетное общеобразовательное учреждение \"Актанышская средняя общеобразовательная школа №1\" Актанышского муниципального района Республики Татарстан","Ахмадишин","Раяз","Ленарович","м","2008-08-12","нет",9,9,72,0,72,100,"призер","Да","Галиева Зиля Ахатовна","МБОУ \"Актанышская СОШ №1\"","Геология"]
[26,"Актанышский район","Муниципальное бюджетное общеобразовательное учреждение \"Актанышская средняя общеобразовательная школа №1\" Актанышского муниципального района Республики Татарстан","Кашбразиев","Ленар","Хамитович","м","2008-02-01","нет",9,9,72,0,72,100,"призер","Да","Галиева Зиля Ахатовна","МБОУ \"Актанышская СОШ №1\"","Геология"]
[27,"Актанышский район","Муниципальное бюджетное общеобразовательное учреждение \"Актанышская средняя общеобразовательная школа №1\" Актанышского муниципального района Республики Татарстан","Хазиев","Рамазан","Айварович","м","2007-09-27","нет",9,9,72,0,72,100,"призер",null,"Галиева Зиля Ахатовна","МБОУ \"Актанышская СОШ №1\"","Геология"]
[28,"Пестречинский район","МБОУ \"Пестречинская СОШ №1 с углубленным изучением отдельных предметов имени Героя России Ивана Алексеевича Додосова\"","Глинушкина","Арина","Викторовна","ж","2008-11-26","нет",9,9,72,0,72,100,"участник",null,"Ткачева Евгения Александровна","МБОУ \"Пестречинская СОШ №1 с углубленным изучением отдельных предметов имени Героя России Ивана Алексеевича Додосова\"","Геология"]
[29,"Нижнекамский район","Муниципальное бюджетное общеобразовательное учреждение \"Гимназия №22\" Нижнекамского муниципального района Республики Татарстан","Сагиров","Булат","Азатович","м","2008-02-15","нет",9,9,71,0,71,100,"участник",null,"Латыпова Лилия Захраповна","МБОУ \"Гимназия №22\" НМР РТ","Геология"]
[30,"Черемшанский район","МБОУ \"Лашманская средняя общеобразовательная школа\"","Шарифуллин","Марсэль","Ильхамович","м","2008-09-26","нет",9,9,71,0,71,100,"победитель",null,"Мубаракшина Раушания Хадиевна","МБОУ \"Лашманская СОШ\"","Геология"]
[31,"Буинский район","МБОУ \"Гимназия им.Вахитова г.Буинска РТ\"","Измайлов","Исмаил","Марселевич","м","2008-09-03","нет",9,9,70.3,0,70.3,100,"призер",null,"Шаймарданова Ландыш Мансуровна","МБОУ \"Гимназия им.Вахитова г.Буинска РТ\"","Геология"]
[32,"Актанышский район","Муниципальное бюджетное общеобразовательное учреждение \"Актанышская средняя общеобразовательная школа №1\" Актанышского муниципального района Республики Татарстан","Салихов","Рузаль","Ринатович","м","2008-09-22","нет",9,9,70,0,70,100,"призер",null,"Галиева Зиля Ахатовна","МБОУ \"Актанышская СОШ №1\"","Геология"]
[33,"Зеленодольский район","МБОУ \"Лицей №1 ЗМР РТ\"","Гаврилов","Андрей","Витальевич","м","2008-06-08","нет",9,9,70,0,70,100,"участник",null,"Багавеева А.в.","МБОУ \"Лицей 1 ЗМР РТ\"","Геология"]
[34,"Ново-Савиновский район","МБОУ \"Гимназия №7 имени Героя России А.В.Козина\" Ново-Савиновского района г.Казани","Савина","Милана","Сергеевна","ж","2008-11-10","нет",9,9,70,0,70,100,"призер",null,"Афанасьева Татьяна Александровна","МБОУ \"Гимназия 7 им. Героя России А.В. Козина\"","Геология"]
[35,"Альметьевский район","МАОУ «Лицей №2» г.Альметьевска Республики Татарстан","Фазлыев","Тимур","Ленарович","М","2008-05-10",{"$nulls":7},"Призер ЗЭ РОШ 2023","Киселева Ирина Борисовна","МАОУ «Лицей №2» г.Альметьевска Республики Татарстан"]
[36,"Нижнекамский район","МБОУ «Гимназия №22» Нижнекамского муниципального района Республики Татарстан","Николаев","Илья","Дмитриевич","М","2007-11-27",{"$nulls":7},"Призер ЗЭ РОШ 2023","Латыпова Лилия Захраповна","МБОУ «Гимназия №22» Нижнекамского муниципального района Республики Татарстан"]
[37,"Ново-Савиновского","МБОУ «Гимназия №155 с татарским языком обучения» Ново-Савиновского района г. Казани","Ханнанов","Булат","Рамилевич","М","2008-06-02",{"$nulls":7},"Призер ЗЭ 2027","Ханнанова Гульназ Минзакировна","МБОУ «Гимназия №155 с татарским языком обучения» Ново-Савиновского района г. Казани"]
[38,"Приволжский район","СУНЦ ОШИ«IT-лицей» ФГАОУ ВО «Казанский (Приволжский) федеральный университет»","Калимуллин","Радмир","Раилевич","М","2009-01-15",{"$nulls":7},"Призер ЗЭ 2040","Куликов Александр Михайлович","СУНЦ ОШИ«IT-лицей» ФГАОУ ВО «Казанский (Приволжский) федеральный университет»"]
[39,"Приволжский район","МБОУ «Лицей №83 - Центр образования» Приволжского района г. Казани","Садыкова","Аида","Альбертовна","Ж","2008-06-28",{"$nulls":7},"Призер ЗЭ 2041","Бугрова Ольга Николаевна","МБОУ «Лицей №83 - Центр образования» Приволжского района г. Казани"]
[40,"Приволжский район","СУНЦ ОШИ«IT-лицей» ФГАОУ ВО «Казанский (Приволжский) федеральный университет»","Ахметова","Диляра","Римовна","Ж","2009-02-21",{"$nulls":7},"Призер ЗЭ 2032","Куликов Александр Михайлович","СУНЦ ОШИ«IT-лицей» ФГАОУ ВО «Казанский (Приволжский) федеральный университет»"]

{"sheet":"8 класс","index":3,"n_rows":36,"n_cols":20,"rows_kept":36}
["Список приглашенных на заключительный этап республиканской олиимпиады школьников по геологии  в 2023-2014 учебном году, 8 класс"]
["№","Район","Название ОУ","Фамилия","Имя","Отчество","Пол","Дата рождения","Участник с ОВЗ","Класс","Класс участия","Балл","Добавлено баллов по итогам апелляции","Итоговый балл","Макс. балл","Статус","Призер республиканского / регионального этапа прошлого года","Учитель","Место работы учителя","Предмет"]
[1,"Кукморский район","Муниципальное бюджетное общеобразовательное учреждение  “Средняя общеобразовательная школа им.Г.Г.Гарифуллина с.Ядыгерь” Кукморского муниципального района Республики Татарстан","Галимуллина","Ризаля","Ришатовна","ж","18.08.2009","нет",8,8,100,0,100,100,"победитель",null,"Хазиева Зульфия Файзелхаковна","МБОУ \"СОШ.с.Ядыгерь\"","Геология"]
[2,"Кукморский район","Муниципальное бюджетное общеобразовательное учреждение «Средняя общеобразовательная школа села Средний Кумор» Кукморского муниципального района Республики Татарстан","Федоров","Евгений","Олегович","м","03.06.2010","нет",7,8,100,0,100,100,"победитель",null,"Ефимова Альбина Рафисорвна","МБОУ \"СОШ с. Средний Кумор\" Кукморского муниципального района Республики Татарстан","Геология"]
[3,"Бугульминский район","Муниципальное общеобразовательное учреждение лицей №2 Бугульминского муниципального района Республики Татарстан","МИНГАЗОВА","АДЕЛИНА","АРТУРОВНА","ж","01.02.2009",null,8,8,92,0,92,100,"победитель",null,"Скитина Лариса Николаевна","МБОУ лицей №2","Геология"]
[4,"Азнакаевский район","Муниципальное бюджетное общеобразовательное учреждение \"Средняя общеобразовательная школа №1 п.г.т. Актюбинский\" Азнакаевского муниципального района РТ","Гараева","Айзиля","Айратовна","ж","15.02.2009",null,8,8,91,0,91,100,"победитель",null,"Шамсутдинова Зинира Альфритовна","МБОУ \"СОШ №1 п.г.т. Актюбинский\" Азнакаевского муниципального района РТ","Геология"]
[5,"Азнакаевский район","Муниципальное бюджетное общеобразовательное учреждение \"Средняя общеобразовательная школа №1 п.г.т. Актюбинский\" Азнакаевского муниципального района РТ","Нуртдинова","Зухра","Мосавировна","ж","15.09.2009",null,8,8,91,0,91,100,"победитель",null,"Шамсутдинова Зинира Альфритовна","МБОУ \"СОШ №1 п.г.т. Актюбинский\" Азнакаевского муниципального района РТ","Геология"]
[6,"Алексеевский район","Муниципальное бюджетное общеобразовательное учреждение «Алексеевская средняя общеобразовательная школа № 2 имени Героя Советского Союза Ивана Егоровича Кочнева Алексеевского муниципального района Республики Татарстан»","Миндубаева","Альсина","Илюсовна","ж","22.06.2009","нет",8,8,90,0,90,100,"победитель",null,"Ягудина Лилия Рамилевна","МБОУ \"Алексеевская СОШ №2\"","Геология"]
[7,"Лениногорский район","Муниципальное бюджетное общеобразовательное учреждение \"Шугуровская средняя общеобразовательная школа имени Валерия Павловича Чкалова\" муниципального образования \"Лениногорский муниципальный район\" Республики Татарстан","Шайдуллина","Рамина","Рамилевна","ж","22.07.2009","нет",8,8,90,0,90,100,"победитель",null,"Гильманов Наиль Анурбекович","МБОУ «Шугуровская СОШ им.В.П.Чкалова»","Геология"]
[8,"Азнакаевский район","Муниципальное бюджетное общеобразовательное учреждение \"Средняя общеобразовательная школа №1 п.г.т. Актюбинский\" Азнакаевского муниципального района РТ","Пучинина","Карина","Александровна","ж","10.05.2009",null,8,8,89,0,89,100,"призер",null,"Шамсутдинова Зинира Альфритовна","МБОУ \"СОШ №1 п.г.т. Актюбинский\" Азнакаевского муниципального района РТ","Геология"]
[9,"Буинский район","МБОУ \"Гимназия им.Вахитова г.Буинска РТ\"","Камалов","Камиль","Ильдарович","м","26.10.2006","нет",8,8,87,0,87,100,"победитель",null,"Зиннатуллин Линар Бадертдинович","МБОУ \"Гимназия им.Вахитова г.Буинска РТ\"","Геология"]
[10,"Заинский район","Муниципальное бюджетное общеобразовательное учреждение \"Заинская средняя общеобразовательная школа №2\" Заинского муниципального района Республики Татарстан","Рыжова","Эвелина","Рустамовна","ж","12.11.2008","нет",8,8,87,0,87,100,"победитель",null,"Камалиева Рена Фархатовна","МБОУ ЗСОШ №2","Геология"]
[11,"Елабужский район","Муниципальное бюджетное общеобразовательное учреждение \"Многопрофильный лицей №10\" Елабужского муниципального района Республики Татарстан","Муллахметов","Раиль","Марселевич","м","05.03.2009","нет",8,8,86,0,86,100,"победитель",null,"Баранова Надежда Анатольевна","МБОУ \"Многопрофильный лицей №10\" ЕМР РТ","Геология"]
[12,"Заинский район","Муниципальное бюджетное общеобразовательное учреждение «Заинская средняя общеобразовательная школа № 7  с углубленным изучением отдельных предметов» Заинского муниципального района Республики Татарстан","Кандовая","София","Евгеньевна","ж","28.10.2009","нет",8,8,86,0,86,100,"призер",null,"Долгова Любовьивановна","МБОУ \"ЗСОШ №7 с УИОП\"","Геология"]
[13,"Тетюшский район","Муниципальное бюджетное общеобразовательное учреждение «Тетюшская средняя общеобразовательная школа №1 имени Героя Советского Союза Ханжина Павла Семеновича» Тетюшского муниципального района Республики Татарстан","Левин","Ярослав","Антонович","м","12.02.2010","нет",7,8,86,0,86,100,"победитель",null,"Горшкова Наталья Анатольевна","МБОУ \"Тетюшская СОШ №1 им.Ханжина П.С.\"","Геология"]
[14,"Алексеевский район","Муниципальное бюджетное общеобразовательное учреждение «Алексеевская средняя общеобразовательная школа № 2 имени Героя Советского Союза Ивана Егоровича Кочнева Алексеевского муниципального района Республики Татарстан»","Майорова","Василиса","Дмитриевна","ж","21.20.2009","нет",8,8,85,0,85,100,"призер",null,"Ягудина Лилия Рамилевна","МБОУ \"Алексеевская СОШ №2\"","Геология"]
[15,"Алькеевский район","МБОУ \"Юхмачинская СОШ\" Алькеевского МР РТ","Деменкова","Елизавета","Ренатовна","ж","09.06.2009","нет",8,8,84,0,84,100,"победитель",null,"Шаяхметова Г.р.","МБОУ \"Юхмачинская СОШ\" Алькеевского МР РТ","Геология"]
[16,"Тетюшский район","Муниципальное бюджетное общеобразовательное учреждение «Тетюшская средняя общеобразовательная школа №1 имени Героя Советского Союза Ханжина Павла Семеновича» Тетюшского муниципального района Республики Татарстан","Кильганова","Ульяна","Денисовна","ж","17.03.2010","нет",7,8,82,0,82,100,"призер",null,"Горшкова Наталья Анатольевна","МБОУ \"Тетюшская СОШ №1 им.Ханжина П.С.\"","Геология"]
[17,"Мензелинский район","Муниципальное бюджетное общеобразовательное учреждение \"Средняя общеобразовательная школа №2\" г. Мензелинска Республики Татарстан","Зиязиева","Наргиза","Фанисовна","ж","06.04.2009","нет",8,8,80,0,80,100,"победитель",null,"Зиязиева Рушания Разяповна","МБОУ \"СОШ №2\" г. Мензелинска РТ","Геология"]
[18,"Сабинский район","МБОУ \"Мичанская основная общеобразовательная школа Сабинского муниципального района Республики Татарстан\"\"","Ашаров","Рузаль","Радикович","м","26.05.2009","нет",8,8,80,0,80,100,"победитель",null,"Ахмадиева Алсу Равилевна","Муниципальное бюджетное общеобразовательное учреждение «Мичанская основная общеобразовательная школа Сабинского муниципального района Республики Татарстан»","Геология"]
[19,"Сабинский район","Муниципальное бюджетное общеобразовательное учреждение «Гимназия п.г.т. Богатые Сабы Сабинского муниципального района Республики Татарстан»","Нуриев","Замир","Ильнарович","м","14.09.2009","нет",8,8,79,0,79,100,"призер",null,"Аглямзянова Рамзия Василовна","Муниципальное бюджетное общеобразовательное учреждение \"Гимназия п.г.т. Богатые Сабы Сабинского муниципального района Республики Татарстан\"","Геология"]
[20,"Аксубаевский район","МБОУ \"Аксубаевская СОШ №3\"","Тимкин","Игорь","Сергеевич","м","05.09.2009",null,8,8,78,0,78,100,"победитель",null,"Пензенцева Екатерина Ивановна","Муниципальное бюджетное общеобразовательное учреждение \"Аксубаевская средняя общеобразовательная школа№3\" Аксубаевского муниципального района Республики Татарстан","Геология"]
[21,"Азнакаевский район","Муниципальное бюджетное общеобразовательное учреждение \"Средняя общеобразовательная школа №1 п.г.т. Актюбинский\" Азнакаевского муниципального района РТ","Шафигуллина","Сылу","Ирековна","ж","18.12.2009",null,8,8,77,0,77,100,"призер",null,"Шамсутдинова Зинира Альфритовна","МБОУ \"СОШ №1 п.г.т. Актюбинский\" Азнакаевского муниципального района РТ","Геология"]
[22,"Нижнекамский район","Муниципальное бюджетное общеобразовательное учреждение «Лицей №35» Нижнекамского муниципального района Республики Татарстан","Зиганшина","София","Маратовна","ж","16.09.2009","нет",8,8,76,0,76,100,"победитель",null,"Сагдиева Физуня Мустакимовна","МБОУ \"Лицей №35\" НМР РТ","Геология"]
[23,"Азнакаевский район","Муниципальное бюджетное общеобразовательное учреждение \"Средняя общеобразовательная школа №1 п.г.т. Актюбинский\" Азнакаевского муниципального района РТ","Хаминова","Валерия","Александровна","ж","06.06.2009",null,8,8,75,0,75,100,"призер",null,"Шамсутдинова Зинира Альфритовна","МБОУ \"СОШ №1 п.г.т. Актюбинский\" Азнакаевского муниципального района РТ","Геология"]
[24,"Актанышский район","Муниципальное бюджетное общеобразовательное учреждение \"Актанышская средняя общеобразовательная школа №1\" Актанышского муниципального района Республики Татарстан","Галиева","Замира","Илнуровна","ж","14.05.2011","нет",8,8,72,0,72,100,"победитель",null,"Галиева Зиля Ахатовна","МБОУ \"Актанышская СОШ №1\"","Геология"]
[25,"Бугульминский район","Гимназия №7","Сапрыкин","Глеб","Александрович","м","19.01.2009",null,8,8,71,0,71,100,"призер","Да","Рашевская Светлана Николаевна","Гимназия №7","Геология"]
[26,"Нурлатский район","Муниципальное бюджетное общеобразовательное учреждение \"Якушкинская средняя общеобразовательная школа Нурлатского муниципального района Республики Татарстан\"","Сандрюхин","Николай","Владимирович","м","04.07.2009","нет",8,8,71,0,71,100,"победитель",null,"Сандрюхина Светлана Аркадьевна","МБОУ \"Якушкинская СОШ\"","Геология"]
[27,"Зеленодольский район","МБОУ \"Лицей № 9 имени А.С.Пушкина ЗМР РТ\"","Гарипова","София","Фаридовна","ж","16.10.2009","нет",8,8,70,0,70,100,"участник",null,"Ахметшина С.и","Лицей 9 им.А.С.Пушкина","Геология"]
[28,"Нурлатский район","МАОУ \"СОШ № 9\" г.Нурлат","Липендина","Дарья","Николаевна","ж","17.02.2009","нет",8,8,70,0,70,100,"победитель",null,"Мариниина Ирина Ивановна","МАОУ \"СОШ9\"г. Нурлат","Геология"]
[29,"Сабинский район","Муниципальное бюджетное общеобразовательное учреждение \"Сабинская средняя общеобразовательная школа Сабинского муниципального района Республики Татарстан\"","Гарипов","Фаиль","Ирекович","м","08.04.2009","нет",8,8,70,0,70,100,"призер",null,"Аглямзянова Рамзия Василовна","Муниципальное бюджетное общеобразовательное учреждение «Сабинская средняя общеобразовательная школа Сабинского муниципального района Республики Татарстан»","Геология"]
[30,"Актанышский район","Государственное бюджетное общеобразовательное учреждение «Актанышская кадетская школа-интернат имени Героя Советского Союза Хасана Заманова»","Абзаев","Руслан","Ниязович","м","30.07.2009","нет",8,8,69,0,69,100,"призер",null,"Шакирова Роза Ришатовна","ГБОУ \"Актанышская КШИ\"","Геология"]
[31,"Актанышский район","Муниципальное бюджетное общеобразовательное учреждение \"Актанышская средняя общеобразовательная школа №1\" Актанышского муниципального района Республики Татарстан","Шаймарданов","Ильзат","Аделевич","м","30.03.2009","нет",8,8,69,0,69,100,"призер",null,"Галиева Зиля Ахатовна","МБОУ \"Актанышская СОШ №1\"","Геология"]
[32,"Арский район","муниципальное бюджетное общеобразовательное учреждение \"Арская средняя общеобразовательная школа №1 им. В.Ф.Ежкова с углубленным изучением отдельных предметов\" Арского муниципального района Республики Татарстан","Ермолаев","Арсений","Владиславович","м","27.11.2009",null,8,8,69,0,69,100,"победитель",null,"Гайнетдинова Миляуша Аглямовна","МБОУ \"АСОШ №1 им. В.Ф. Ежкова с УИОП\"","Геология"]
[33,"Арский район","МБОУ \"Сикертанская ООШ имени Г.Камала\"","Камалова","Диляра","Барласовна","ж","01.12.2009",null,8,8,69,0,69,100,"победитель",null,"Сагидуллина Чулпан Расимовна","МБОУ \"Сикертанская ООШ им.Г.Камала\"","Геология"]
[34,"Приволжский район","Муниципальное бюджетное общеобразовательное учреждение\"Лицей №78 \"Фарватер\" Приволжского района г.Казани","Ахмедшина","Алина","Рустемовна","ж","09.06.2009","нет",8,8,68,0,68,100,"победитель",null,"Хасаншина Лилия Равильевна","МБОУ \"Лицей №78 \"Фарватер\"","Геология"]